| 000 | 00804nmm a2200289 a 4500 | ||
|---|---|---|---|
| 003 | AR-BaBNM | ||
| 005 | 20251128205153.0 | ||
| 008 | 306119s1992 ||||||||||||||000 | spa|| | ||
| 020 | _a950-9293-46-6 | ||
| 040 | _cAR-BaBNM | ||
| 100 | 1 | _aSantaló, Luis Antonio | |
| 245 | 1 | 0 | _aEnseñanza de la matemática en la escuela media |
| 250 | _a2ª ed. | ||
| 260 |
_aBuenos Aires _bDocencia _c1992 |
||
| 300 | 0 |
_a141 p. _bil. |
|
| 500 | 0 | _aApéndice I p. 113-130 | |
| 500 | 0 | _aApéndice II p.133-141 | |
| 504 | _aBibliografía p. 130-131 | ||
| 650 | 4 | _aESCUELAS MEDIAS | |
| 650 | 4 | _aENSENANZA DE LAS MATEMATICAS | |
| 650 | 4 | _aESTADISTICA | |
| 650 | 4 | _aTEORIA DE LAS PROBABILIDADES | |
| 653 | 0 | _aEDUCACION SECUNDARIA | |
| 653 | 0 | _aENSENANZA DE LA GEOMETRIA | |
| 942 | _cBK | ||
| 998 | _cCarmen | ||
| 999 |
_c10275 _d10275 |
||